<?xml version="1.0" encoding="UTF-8"?>
<marc:record xmlns:marc="http://www.loc.gov/MARC21/slim">
   <marc:leader>00000nam a2200000 a 4500</marc:leader>
   <marc:datafield ind1="1" ind2=" " tag="100">
      <marc:subfield code="a">Gnettner, Ingrid</marc:subfield>
      <marc:subfield code="4">aut</marc:subfield>
      <marc:subfield code="e">Verfasser/-in</marc:subfield>
   </marc:datafield>
   <marc:datafield ind1=" " ind2=" " tag="653">
      <marc:subfield code="a">Softcover / Pädagogik/Kindergarten- und Vorschulpädagogik</marc:subfield>
   </marc:datafield>
   <marc:datafield ind1="0" ind2="0" tag="245">
      <marc:subfield code="a">Musik und Klang von Anfang an</marc:subfield>
   </marc:datafield>
   <marc:datafield ind1="0" ind2="0" tag="245">
      <marc:subfield code="c">Ingrid Gnettner</marc:subfield>
   </marc:datafield>
   <marc:datafield ind1=" " ind2="1" tag="264">
      <marc:subfield code="a">München</marc:subfield>
      <marc:subfield code="b">Don Bosco</marc:subfield>
      <marc:subfield code="c">2013</marc:subfield>
   </marc:datafield>
   <marc:datafield ind1="1" ind2=" " tag="520">
      <marc:subfield code="a">Angaben aus der Verlagsmeldung

Musik und Klang von Anfang an : Die schönsten Ideen für Krippe, Kita und Eltern-Kind-Gruppen / von Ingrid Gnettner

Für kleine Kinder ist es ein Hochgenuss, Töne zu erzeugen, Geräusche zu machen, Klängen zu lauschen und sich im Rhythmus dazu zu bewegen. Sie patschen in die Hände, experimentieren, wie der Spielzeugeimer klingt und freuen sich, wenn sie bekannte Töne wiederentdecken. Ingrid Gnettner greift diese ursprüngliche Begeisterung für alles, was klingt, auf und entwickelt daraus Spiele mit Alltagsmaterialien, Körper- und Orffinstrumenten, die den Krippenkindern elementare und lustvolle Erfahrungen mit Klang, Rhythmus und Bewegung ermöglichen. Auf der beigefügten CD: alle Lieder des Buches und Playbackversionen.
</marc:subfield>
   </marc:datafield>
   <marc:datafield ind1=" " ind2=" " tag="020">
      <marc:subfield code="a">9783769819755</marc:subfield>
      <marc:subfield code="9">9783769819755</marc:subfield>
   </marc:datafield>
   <marc:datafield ind1=" " ind2=" " tag="020">
      <marc:subfield code="a">3769819756</marc:subfield>
      <marc:subfield code="9">3769819756</marc:subfield>
   </marc:datafield>
   <marc:datafield ind1=" " ind2=" " tag="300">
      <marc:subfield code="a">95 S.</marc:subfield>
   </marc:datafield>
</marc:record>
